000 00644nas a2200241 i 4500
001 2598
003 ES-MaACL
005 20250709054514.0
007 t|
008 950801d1868 fr ar p | |fre d
080 _a(059)(44)
080 _a793.4
245 0 0 _aAlmanach des jeux de société.
260 _aParis :
_bDelarue,
_c[1868]
_f(Imp. Victor Goupy)
300 _a1 v. :
_bil. ;
_c16 cm.
310 _aAnual
650 4 _aJuegos
_914014
655 0 _aAlmanaques
_9241262
852 4 _aES-MaACL
_cDEPOF
_hLegado M. de Lafuente
_jFol-Laf-466
866 0 _o1868.
942 _2udc
_cPERIODICA
_n0
999 _c2598
_d2598